MDQL
is popping MORE tags! Check the
thread
!
Quizzes
Events
Quiz Creation
Community
Videos
Private Events
Remove Ads
Sign In
Join for FREE
Feedback
Dark Mode
Quiz Categories
Sports
Geography
Music
Movies
Television
Just For Fun
Miscellaneous
History
Literature
Language
Science
Gaming
Entertainment
Religion
Holiday
For Kids
Quiz Lab
Recent
Popular Today
Quiz Kudos Today
Editor Picks
Curator Picks
Quizzes by...
Day
Popularity
Type
Ratings
Length
Year
Community
Subscriptions
Recent Discussions
Orange Saloon
Badges
Playlists
Quests
Create
Leaderboards
Showdown
Live 5
Trivia Bingo
Activity
Puzzle Library
Sporcle Events
Private Events
Virtual Trivia
Globe League
Become a Host
Pub Owners
SporcleCon
Opinionation
Our Games
Videos
Blog
Mobile Apps
Partnerships
Remove Ads and Go Orange
Feedback
Geography
Country
Landmarks
City
State
Population
World
Capital
Continent
Flags
Europe
Africa
Asia
South America
North America
Oceania
Border
Canada
United Kingdom
Topography
United States
Geography
Country
Landmarks
City
State
Population
World
Capital
Continent
Flags
Europe
Africa
Asia
South America
North America
Oceania
Border
Canada
United Kingdom
Topography
United States
Random Quiz
Search Sporcle
×
Quiz Lab
Quiz Lab
Geography
Administrative
Type answers that appear on an image
Type answers that appear on an image
Map
Best Score? Go Orange.
Provinces of the Philippines (map) Stats
Can you name the 81 provinces (+ 1 region) of the Philippines?
By
Craig_D_Black
12m
83 Questions
15.8K Plays
15,768 Plays
15,768 Plays
Comments
Comments
Give Quiz Kudos
Give Quiz Kudos
-
- Ratings
hide this ad
More Info
Replay
Link that replays current quiz
Next Quiz
Link to next quiz in quiz playlist
You Got
0%
They Got
Avg Score
65%
Avg Friend Score
Upgrade to see
Score Distribution
Jump to the score distribution portion of the page
Score
0/83
Timer
12:00
9
Plays Today
% Correct
Palawan
84.9%
Ilocos Norte
82.9%
Ilocos Sur
82.1%
Batanes
81.9%
Quezon
81.4%
Cebu
79.9%
Cagayan
79.7%
Batangas
78.1%
Laguna
77.9%
Cavite
77.8%
Manila ✪
77.1%
Pampanga
76.2%
Pangasinan
76.1%
Rizal
74.9%
Isabela
74.4%
Leyte
74.2%
Bohol
73.9%
Bataan
73.5%
Abra
73.4%
Nueva Ecija
72.9%
Bulacan
72.8%
La Union
72.2%
Samar
72.1%
Sulu
71.8%
Aurora
71.5%
Nueva Vizcaya
71.4%
Tarlac
71.2%
Occidental Mindoro
71.1%
% Correct
Oriental Mindoro
71.1%
Zambales
70.6%
Benguet
70.6%
Mountain Province
70%
Davao del Sur
69.9%
Apayao
69.5%
Negros Occidental
69.1%
Davao del Norte
68.9%
Albay
68.8%
Negros Oriental
68.3%
Iloilo
68.3%
Camarines Sur
68.2%
Romblon
67.9%
Camarines Norte
67.7%
Aklan
67.4%
Tawi-Tawi
67.3%
Kalinga
67%
Zamboanga del Sur
66.4%
Zamboanga del Norte
66%
Marinduque
65.1%
Ifugao
64.5%
Masbate
64%
Eastern Samar
62.9%
Northern Samar
62.4%
Sorsogon
62.3%
Capiz
61.6%
Davao Oriental
61.2%
Catanduanes
60.9%
% Correct
Antique
60.5%
Southern Leyte
59.8%
Quirino
58.7%
Basilan
57.8%
Cotabato
57.3%
Davao Occidental
57%
Agusan del Norte
56.7%
Agusan del Sur
56.6%
Lanao del Norte
56.3%
Lanao del Sur
56.2%
Misamis Oriental
56.1%
Zamboanga Sibugay
55.9%
Bukidnon
55.6%
Misamis Occidental
55.4%
Surigao del Norte
54.7%
Siquijor
54.6%
Surigao del Sur
54.6%
Guimaras
54%
Sarangani
52.8%
South Cotabato
52.6%
Maguindanao del Sur
52.1%
Sultan Kudarat
52%
Davao de Oro
51.6%
Camiguin
50.4%
Biliran
49.1%
Dinagat Islands
48.9%
Maguindanao del Norte
42.4%
Quiz Playlist
Details
Report
Send in Message
Add To Playlist
More Info:
Answers may be given in English, Tagalog, or regional languages where appropriate.
Map:
Type answers that appear on an image
Quiz Source
Last Updated: Jul 21, 2023
Quiz Scoreboard
CHALLENGE
Sign Up to Join the Scoreboard
Show All
Scores
Hide
Comments
May contain spoilers
Recently Published
Street Fighter Characters
by Artimus82
Gaming
60s
9x9 Crossword: Cartoon Network
by jackfrog10
Miscellaneous
3m
College Basketball Coaching Resumes
by pancakes188
Sports
9m
More to Explore
Quiz From the Vault
Featured Blog Post
Where Did the Easter Bunny Come From?
hide this ad
You Might Also Like...
Tags
Administration
Administrative
Division
island
map
Pacific Ocean
Philippine
Philippines
Province
Provinces
Today's Top Quizzes in Geography
Browse Geography
hide this ad
Today's Top Quizzes in Administrative
Browse Administrative
Top Contributed Quizzes in Geography
1
Countries of the World - No Outlines Minefield
2
Top 25 Cities of France on a map
3
Any capital of a 'B' country per Continent
4
Any capital of a 'C' country per Continent
5
Closest Countries to UK A-Z
6
Any capital of a 'D' country per Continent
7
5-to-1: US Geography No Hints
8
Any capital of an 'E' country per Continent
9
Find the US States - No Outlines
10
Any capital of an 'F' country per Continent
Explore More
Trending Topics
Marvel
Disney
Crossword
Kpop
Anime
Harry Potter
NBA
Pokémon
The Office
WWE
Country
NFL
Soccer
Song
Puzzle
hide this ad
More By:
Craig_D_Black
Quiz
Plays
Rating
Category
Featured
Created
Provinces of Vietnam
29,227
4.24
Geography
May 20, 2016
Parishes of Jamaica
27,692
4.78
Geography
Oct 26, 2015
Departments of Haiti
20,860
4.46
Geography
Oct 24, 2015
Provinces of Fiji
20,279
4.69
Geography
Oct 30, 2015
Provinces of Papua New Guinea
19,334
4.56
Geography
Oct 28, 2015
Go to Creator's Profile
Score Distribution
Quiz Creator Spotlight
Craig_D_Black
Follow
Send a Message
Quizzes Created
-
Created Quiz Play Count
-
More By This Creator
Popular Quizzes Today
1
Find the US States - No Outlines Minefield
2
Find the Countries of Europe - No Outlines Minefield
3
The Countries of the World
4
Find the US States
5
Risky Map Clicking: Biggest States A-Z
6
US States
7
Popular People in 1961
8
Movies - When Are They Set?
More Geography Quizzes
Clickable Landlocked Countries
Published
Trending Quizzes
Risky Map Clicking: Least Populous States A-Z
Countries of the World: 200 Million BC
Billboard Blitz: Aretha Franklin
1-10 Letter G Words
Famous Russians: Author or Composer?
Recently Updated
Leaping Animals
pecheneg
Reality TV Shows (A-Z)
bhenderson79
Rickey Henderson's Hall of Fame Teammates
pecheneg
Champions League XIs: Arsenal
pecheneg
Quick Pick: Celebrities in WWE's Hall of Fame
aduchscher
A-Z Keypad Blitz II
pecheneg
Multiple Oscar Actors
pecheneg
Mystery Phrase Blitz: Oscar 'Best Actors'
pecheneg
F. Scott Fitzgerald Novels
LTH
Pick 3 Villains
ddd62291
Trending Topics
Harry Potter
Anime
Marvel
Kpop
NBA
Disney
Crossword
The Office
WWE
Puzzle
Pokémon
Song
NFL
Soccer
Country
Your Account Isn't Verified!
In order to create a playlist on Sporcle, you need to verify the email address you used during registration. Go to your
Sporcle Settings
to finish the process.
Report this User
Report this user for behavior that violates our
Community Guidelines
.
Details:
Send Report
Go to the Sporcle.com Mobile Site →
Comments